书目信息 |
| 题名: |
会计报表编制与分析
|
|
| 作者: | 赵国忠 主编 | |
| 分册: | ||
| 出版信息: | 北京 北京大学出版社 2005.03 |
|
| 页数: | 189页 | |
| 开本: | 26cm | |
| 丛书名: | ||
| 单 册: | ||
| 中图分类: | F231.5 | |
| 科图分类: | ||
| 主题词: | 会计报表--kuai ji bao biao--高等学校--技术学校--教材 | |
| 电子资源: | ||
| ISBN: | 7-301-08021-2 | |
| 000 | 00980nam0 2200241 450 | |
| 001 | 012006160832 | |
| 005 | 20060906105022.64 | |
| 010 | @a7-301-08021-2@dCNY16.00 | |
| 100 | @a20060610d2005 km y0chiy0120 ea | |
| 101 | 0 | @achi |
| 102 | @aCN@b110000 | |
| 105 | @aa a 000yy | |
| 200 | 1 | @a会计报表编制与分析@Akuai ji bao biao bian zhi yu fen xi@f赵国忠主编@Fzhao guo zhong zhu bian |
| 210 | @a北京@c北京大学出版社@d2005.03 | |
| 215 | @a189页@c图@d26cm | |
| 300 | @a高职高专会计系列教材 | |
| 320 | @a有书目。 | |
| 330 | @a本书从企业的会计报表出发,以丰富的资料、贴切的案例,较详尽地论述了会计报表编制与分析的基本原理、基本程序和基本方法,加强了对企业实际会计报表编制的训练,并从多个角度对企业实际报表进行了分析,体现了理论与实际的紧密结合,相信会计专业的学生和企业会计实务。 | |
| 606 | 0 | @a会计报表@Akuai ji bao biao@x高等学校@x技术学校@j教材 |
| 690 | @aF231.5@v4 | |
| 701 | 0 | @a赵国忠@Azhao guo zhong@4主编 |
| 801 | 0 | @aCN@bQSSK@c20060906 |
| 905 | @a10447@dF231.5@eZ309 | |
| 会计报表编制与分析/赵国忠主编.-北京:北京大学出版社,2005.03 |
| 189页:图;26cm |
| 高职高专会计系列教材 |
| ISBN 7-301-08021-2:CNY16.00 |
| 本书从企业的会计报表出发,以丰富的资料、贴切的案例,较详尽地论述了会计报表编制与分析的基本原理、基本程序和基本方法,加强了对企业实际会计报表编制的训练,并从多个角度对企业实际报表进行了分析,体现了理论与实际的紧密结合,相信会计专业的学生和企业会计实务。 |
| ● |
| 相关链接 |
|
|
|
正题名:会计报表编制与分析
索取号:F231.5/Z309
 
预约/预借
| 序号 | 登录号 | 条形码 | 馆藏地/架位号 | 状态 | 备注 |
| 1 | 584440 | 205844407 | 社科库409/400A自科库 9排3列4层/ [索取号:F231.5/Z309] | 在馆 | |
| 2 | 584441 | 205844416 | 社科库409/400A自科库 9排3列4层/ [索取号:F231.5/Z309] | 在馆 | |
| 3 | 584442 | 205844425 | 社科库409/400A自科库 9排3列4层/ [索取号:F231.5/Z309] | 在馆 |